Tous les pokémon d' Auguste - Statistiques

Statistiques générales
  • Ce quiz a été pris 31 fois
  • Le résultat moyen est 12 sur 14
Statistiques - réponses
Hint Réponse % Correct
Arcanin
100%
Jaune Feunard
100%
Rouge & Bleu Caninos
95%
Galopa
95%
Maganon
95%
Magmar
95%
Ponyta
95%
Or & Argent & Cristal Volcaropod
95%
Dracaufeu
90%
Camérupt
85%
Heartgold & Soulsilver Chartor
80%
Démolosse
80%
Noir2 & Blanc2 Pyroli
80%
Motisma
40%
Aucun quiz correspondant
Distribution des résultats
% des personnes avec chaque résultat
Percentile par nombre de réponses
Votre historique - résultats
Vous n’avez pas pris ce quiz